Microtécnica vegetal

Uloženo v:
Podrobná bibliografie
Hlavní autor: Roth, Ingrid
Médium: Kniha
Jazyk:španělština
Vydáno: Caracas, Venezuela Universidad Central de Venezuela 1964
Témata:
Tagy: Přidat tag
Žádné tagy, Buďte první, kdo vytvoří štítek k tomuto záznamu!

MARC

LEADER 00000nam a2200000 a 4500
001 UCT1391
003 CL-VaPUC
005 20241107110013.0
008 960927e19640000VE |||||||||||||||||spa|d
999 |c 251923  |d 251921 
040 |c Pontificia Universidad Católica de Valparaíso 
082 0 4 |a 581.19 ROT 1964  |2 21 
100 0 |a Roth, Ingrid  |9 370233 
245 1 0 |a Microtécnica vegetal 
260 0 3 |a Caracas, Venezuela  |b Universidad Central de Venezuela  |c 1964 
300 |a 87 páginas 
583 |a last modification  |c 19960927 00:00:00  |k Rodrigo Vera 
650 0 |a Bioquímica vegetal  |9 264262 
650 0 |a Biotecnología   |9 259561 
650 0 |a Botánica  |9 264202 
650 0 |a Bioquímica   |9 259492 
650 0 |a Tecnología química   |9 263002 
942 |c BK  |2 ddc 
945 |d 19960927 00:00:00  |a cmena 
952 |0 0  |1 0  |2 ddc  |4 0  |6 581_190000000000000_ROT_1964  |7 0  |8 A  |9 271436  |a BIBCUR  |b BIBCUR  |d 2019-11-19  |i 1751859  |o 581.19 ROT 1964  |p 1751859  |r 2025-04-22  |t 1  |w 2019-11-19  |y BK  |k BCB 
952 |0 0  |1 0  |2 ddc  |4 0  |6 581_190000000000000_ROT_1964  |7 0  |8 A  |9 271437  |a BIBCUR  |b BIBCUR  |d 2019-11-19  |i 1777416  |l 1  |o 581.19 ROT 1964  |p 1777416  |r 2025-04-22  |s 2024-08-09  |t 2  |w 2019-11-19  |y BK  |k BIO